| 000 | 01128nam a22002417a 4500 | ||
|---|---|---|---|
| 003 | OSt | ||
| 005 | 20260122200003.0 | ||
| 008 | 230420b ||||| |||| 00| 0 eng d | ||
| 040 | _cOst | ||
| 041 | _ashan | ||
| 082 | _a294.34435 | ||
| 245 |
_aဝိပသၼႃ-မူပတိၵ်ၸသံမုၵ်ပတ်တီပၼီၵျံး။ _cမူၸုံးဝုၺ်ယႃဝိတ်ၸ-ၵျွင်းပင်လုံး ဝိင်းလႃသိဝ် ၶပ်းၶိုင်- |
||
| 250 | _aပွၵ်ႈၵမ်း-2 | ||
| 260 |
_aလႃသိဝ် _bတုၵ်ပေႃႉလိၵ်ဢွင်မင်ၵလႃ _c1971 |
||
| 300 |
_a70 ၼႃႈ _c18 ၸိၼ်ႇထီႇ |
||
| 500 | _aS-SAT: Dr. Prof Sai Aung Tun | ||
| 500 | _aပပ်ႉၸဝ်ႈတႃႇၼႁင်းၶႃး တွၵ်ႉတိူဝ်ႇၸၢႆးဢွင်ႇထုၼ်း လူႇဝႆႉ | ||
| 650 |
_aၵၢၼ်ၼင်ႈတြႃး (ဝိပသ်ႉသၼႃႇ) _923320 |
||
| 650 |
_aၵမ်ႇမထၢၼ်း _923321 |
||
| 942 | _cBK1 | ||
| 942 | _2ddc | ||
| 942 | _2ddc | ||
| 999 |
_c24120 _d24120 |
||